000 00612cam a2200157 4500
001 WS125955
008 040426n 000 0 eng u
035 _a(Sirsi) u125955
245 _aGovernment Portal for Hungary
520 _aWeb site for the Hungarian government covering basic facts and figures, details of the economy and links to government department and embassy web sites. Available in Hungarian and English.
650 _aHUNGARY
650 _aINTERNATIONAL
650 _aGOVERNMENT
856 4 0 _uhttps://www.magyarorszag.hu
_zView the website free of charge at www.magyarorszag.hu...
942 _n0
999 _c120437
_d120437